Statistics for Country by Penultimate Letter

Click here to take the quiz!

General Stats

  • This quiz has been taken 42 times
  • The average score is 8 of 17

Answer Stats

HintAnswer% Correct
ZBelize
78%
VKosovo
78%
WZimbabwe
74%
WMalawi
67%
VMoldova
63%
JFiji
52%
YLibya
48%
BCuba
44%
YKenya
44%
PEgypt
41%
HLesotho
41%
KSri Lanka
37%
MSuriname
37%
SBangladesh
30%
MPanama
30%
SBurkina Faso
26%
PSao Tome and Principe
22%

Score Distribution

Percentile by Number Answered

Percent of People with Each Score

Your Score History

You have not taken this quiz